ბათუმის შოთა რუსთაველის სახელმწიფო უნივერსიტეტის ბიბლიოთეკა

Строительство газовых сетей и сооружений. (ბიბ.ჩანაწერი № 38224)

000 -LEADER
fixed length control field 00682nam a2200217Ia 4500
001 - CONTROL NUMBER
control field 4214
003 - CONTROL NUMBER IDENTIFIER
control field GE_BSU
008 - FIXED-LENGTH DATA ELEMENTS--GENERAL INFORMATION
fixed length control field 181216s||||||||xx |||||||||||||| ||und||
040 ## - CATALOGING SOURCE
Transcribing agency GE_BSU
080 ## - UNIVERSAL DECIMAL CLASSIFICATION NUMBER
Universal Decimal Classification number 696.2(075.32)
100 ## - MAIN ENTRY--PERSONAL NAME
Personal name Шальнов А.П.
245 ## - TITLE STATEMENT
Title Строительство газовых сетей и сооружений.
245 ## - TITLE STATEMENT
Remainder of title Учебник. 2-е изд перераб. и доп.
245 ## - TITLE STATEMENT
Statement of responsibility, etc. ред. А.А. Широкова.
260 ## - PUBLICATION, DISTRIBUTION, ETC.
Place of publication, distribution, etc. Москва
260 ## - PUBLICATION, DISTRIBUTION, ETC.
Name of publisher, distributor, etc. Стройиздат
260 ## - PUBLICATION, DISTRIBUTION, ETC.
Date of publication, distribution, etc. 1980
300 ## - PHYSICAL DESCRIPTION
Extent 333 с. 22 см.
653 ## - INDEX TERM--UNCONTROLLED
Uncontrolled term Строительство газовых сетей и сооружений.
942 ## - ADDED ENTRY ELEMENTS (KOHA)
Koha item type წიგნი
ეგზემპლარები
Withdrawn status Lost status Damaged status Not for loan Date acquired Barcode Date last seen Price effective from Koha item type Public note
        2018-12-17 9557 2018-12-17 2018-12-17 წიგნი საცავი